| 000 | 00797nam a2200205Ia 4500 | ||
|---|---|---|---|
| 003 | GCL | ||
| 008 | 140319s9999 xx 000 0 ara d | ||
| 040 |
_aGCL / _cGCL |
||
| 082 | 0 | 4 |
_a963 _bم م |
| 100 | 1 | _aمحمد عثمان ابوبكر | |
| 245 | 1 | 0 |
_aالمثلث العفرى فى القرن الافريقى عبر العصور التاريخية / _cمحمد عثمان ابوبكر |
| 700 | 1 | _aرجب محمد عبد الحليم | |
| 300 | _a459 ص | ||
| 490 |
_aالهيئة العامة للاستعلامات _v0 |
||
| 650 | 0 | 4 | _aاثيوبيا - تاريخ - العصر الحديث |
| 650 | 0 | 4 | _aارتيريا - تاريخ - العصر الحديث |
| 650 | 0 | 4 | _aالصومال - تاريخ - العصرالحديث |
| 650 | 0 | 4 | _aجيبوتى - تاريخ |
| 942 |
_2ddc _cBK |
||
| 999 |
_c49674 _d49674 |
||